NFL First Overall Picks in the Pro Football Hall of Fame - Statistics

General Stats
  • This quiz has been taken 18 times
  • The average score is 6 of 14
Answer Stats
Draft Player % Correct
1998 Peyton Manning
93%
1983 John Elway
80%
1989 Troy Aikman
80%
1985 Bruce Smith
67%
1978 Earl Campbell
53%
1970 Terry Bradshaw
53%
1969 O.J. Simpson
47%
1997 Orlando Pace
40%
1957 Paul Hornung
40%
1976 Lee Roy Selmon
20%
1968 Ron Yary
20%
1942 Bill Dudley
7%
1945 Charley Trippi
7%
1949 Chuck Bednarik
7%
No matching quizzes found
Score Distribution
Percent of People with Each Score
Percentile by Number Answered
Your Score History
You have not taken this quiz